Loading...
| Current Events | 1 | 30.00 | 100% | 100% | 100% |
| Fine Arts - Auditory Fine Arts | 8 | 7.50 | 63% | 13% | 0% |
| Fine Arts - Other Fine Arts | 8 | 11.25 | 100% | 13% | 0% |
| Fine Arts - Visual Fine Arts | 6 | 11.67 | 100% | 17% | 0% |
| Geography | 2 | 15.00 | 50% | 100% | 0% |
| History - American History | 6 | 15.00 | 100% | 50% | 0% |
| History - European History | 6 | 16.67 | 100% | 67% | 0% |
| History - Other History | 6 | 13.33 | 83% | 33% | 17% |
| History - World History | 7 | 22.86 | 100% | 71% | 57% |
| Literature - American Literature | 6 | 10.00 | 83% | 17% | 0% |
| Literature - British Literature | 6 | 11.67 | 100% | 17% | 0% |
| Literature - European Literature | 8 | 23.75 | 125% | 63% | 50% |
| Literature - World Literature | 7 | 12.86 | 100% | 29% | 0% |
| Mythology | 5 | 12.00 | 100% | 20% | 0% |
| Philosophy | 5 | 16.00 | 100% | 60% | 0% |
| Pop Culture | 3 | 20.00 | 100% | 67% | 33% |
| Religion | 4 | 15.00 | 100% | 25% | 25% |
| Science - Biology | 5 | 16.00 | 100% | 60% | 0% |
| Science - Chemistry | 6 | 10.00 | 100% | 0% | 0% |
| Science - Other Science | 7 | 21.43 | 100% | 71% | 43% |
| Science - Physics | 7 | 12.86 | 100% | 14% | 14% |
| Social Science | 7 | 20.00 | 100% | 71% | 29% |